000 00684nam a2200229Ia 4500
003 OSt
005 20220131105648.0
008 210716s2003 xx 000 0 und d
040 _cAIMIT LIBRARY
041 _aeng
082 _a332.17
_21
_bGORE
100 _aGordon, E.
_915240
245 _aMoney and financial system /
_cBy E Gordon and K Natarajan.
250 _a1st ed.
260 _aNew Delhi:
_bHimalaya Publishing House,
_c2003.
300 _a231p. ;
_c21.5 cm.
650 _aFinance and Financial System
_915241
650 _aFinancial Services
_915242
650 _aIndian Banking System
_915243
700 _aNatarajan, K.
_915244
942 _2ddc
_cBK
_e1st
_k332.17 GORE
999 _c199795
_d199795